000
00316nam a2200133Ia 4500
005
20251222144852.0
008
251222s9999||||xx |||||||||||||| ||spa||
020
_a
84-7491-669-0
082
_a
025.02/U61
245
0
_a
Técnicos auxiliares de biblioteca
250
_a
4a.ed.
264
_b
Complutense
942
_c
LIB
999
_c
21632
_d
21632